Prix, profits et rythmes d'accumulation
Saved in:
| Main Author: | |
|---|---|
| Other Authors: | |
| Format: | Book |
| Language: | French |
| Published: |
Paris :
Economica,
c1987
|
| Subjects: | |
| Tags: |
Add Tag
No Tags, Be the first to tag this record!
|
MARC
| LEADER | 00000nam a2200000 i 4500 | ||
|---|---|---|---|
| 001 | 1/39785 | ||
| 008 | 960502s1987 fre d | ||
| 020 | |a 2717811990 |c 195F | ||
| 035 | |l 10025110 | ||
| 040 | |a GR-MY-UA |b gre |e aacr | ||
| 041 | 0 | |a fre | |
| 100 | 1 | |a Abraham-Frois, Gilbert. | |
| 245 | 1 | 0 | |a Prix, profits et rythmes d'accumulation / |c Gilbert Abraham-Frois, Edmond Berrebi |
| 260 | |a Paris : |b Economica, |c c1987 | ||
| 300 | |a 358 p.; |b ill.; |c 24 cm | ||
| 504 | |a Includes bibliographies and index | ||
| 650 | 0 | 0 | |a Prices |x Mathematical models. |
| 650 | 0 | 0 | |a Profit |x Mathematical models. |
| 650 | 0 | 0 | |a Saving and investment |x Mathematical models. |
| 700 | 1 | |a Berrebi, Edmond. | |
| 852 | |a INST |b CHIOS |e 19960502 |h 338.520151 ABR |p 005200005511 |q 005200005511 |t BK |y 0 | ||
| 909 | |a Χ |b 010925 | ||